000 00606cam a22002292a 4500
001 025380
003 AR-FADEU
005 20191104082429.0
008 311216n1984####xxu####################dd
020 _a950-602-084-1
040 _cBiblioteca Ernesto Sábato
092 _a300
_bG619
_eBLYNK
100 _aGoldmann, Lucien
245 _aLas ciencias humanas y la filosofía
260 _aBuenos Aires
260 _bNueva Visión
260 _c1970
300 _a120 p
440 _aEnsayos.
_p Sociología
650 _aSOCIOLOGIA-FILOSOFIA; CIENCIAS SOCIALES/BLYNK/
942 _cBLYNK
_2ddc
999 _c34211
_d34211